Las fake news y las redes sociales en el escenario de la docencia. Manual para mejorar la alfabetización digital en entornos educativos.

Guardat en:
Dades bibliogràfiques
Autor principal: Martínez Otón, Laura (autora)
Format: Desconegut
Idioma:anglès
Publicat: Madrid, España: PPC, 2022.
Matèries:
Etiquetes: Afegir etiqueta
Sense etiquetes, Sigues el primer a etiquetar aquest registre!

MARC

LEADER 00000 a2200000 4500
003 CL-VaPUC
005 20231205105433.0
008 231122t2022 ||||| |||| 00| 0 eng d
999 |c 442522  |d 442520 
020 |a 978-84-288-3960-0 
040 |c Pontificia Universidad Católica de Valparaíso 
082 |2 22  |a 302.231071 MAR 2022 
100 |a Martínez Otón, Laura  |9 885847  |e autora  
245 |a Las fake news y las redes sociales en el escenario de la docencia.  |b Manual para mejorar la alfabetización digital en entornos educativos. 
260 |a Madrid, España:  |b PPC,  |c 2022. 
300 |a 172 páginas. 
583 |k GC  |c 20231122 
650 0 |9 257206  |a Medios de comunicación  |x Redes sociales   |x Noticias falsas (fake news)   |x Estrategias de identificación   |x Aspectos educativos  
650 0 |9 859763  |a Alfabetización Digital  |x Aspectos teóricos y prácticos   |x Educación 
942 |2 ddc  |c BK 
952 |0 0  |1 0  |2 ddc  |4 0  |6 302_231071000000000_MAR_2022  |7 0  |8 A  |9 592578  |a BIBCUR  |b BIBCUR  |c GEN  |d 2023-11-20  |e 1  |g 27913.00  |i 5659582  |o 302.231071 MAR 2022  |p 5659582  |r 2025-04-22  |t 1  |v 27913.00  |w 2023-11-20  |y BK  |k PER